Every Tower in Eternal Towers of Hell - Statistics

General Stats
  • This quiz has been taken 51 times
    9 since last reset
  • The average score is 172 of 426
Answer Stats
Area Difficulty Tower % Correct
Ring 1 Intense Citadel of {Laptop Splitting}
100%
Purgatorio Hard Citadel of {Victory}
100%
Ring 2 Remorseless Citadel of {Wacky Strategy}
100%
Forgotten Ridge Intense Citadel of {Weird Nostalgia}
100%
Garden of Eeshöl Easy Steeple of {Beginner’s Journey}
100%
Forgotten Ridge Challenging Steeple of {Climbing}
100%
Garden of Eeshöl Easy Steeple of {Devil’s Snare}
100%
Garden of Eeshöl Hard Steeple of {Greenhouse Placidity}
100%
Forgotten Ridge Intense Steeple of {Huge Pain}
100%
Garden of Eeshöl Medium Steeple of {Infectious Foliage}
100%
Forgotten Ridge Medium Steeple of {Low Woe}
100%
Forgotten Ridge Easy Steeple of {Meaningless Decisions}
100%
Garden of Eeshöl Medium Steeple of {Overgrowth}
100%
Forgotten Ridge Medium Steeple of {Pursuit}
100%
Forgotten Ridge Remorseless Steeple of {Towering Pillars}
100%
Forgotten Ridge Hard Steeple of {Uninstalling Roblox}
100%
Forgotten Ridge Difficult Steeple of {Wall Punching}
100%
Ring 1 Easy Tower of {Anger}
100%
Ring 1 Easy Tower of {A Simple Time}
100%
Ring 2 Hard Tower of {Big Hole}
100%
Purgatorio Medium Tower of {Boost Mayhem}
100%
Purgatorio Easy Tower of {Buttons}
100%
Ring 2 Difficult Tower of {Cold Hands}
100%
Purgatorio Easy Tower of {Critical Damage}
100%
Purgatorio Hard Tower of {Dancing All Night}
100%
Forgotten Ridge Intense Tower of {Dangerous Expeditions}
100%
Ring 2 Challenging Tower of {Deep Darkness}
100%
Ring 2 Insane Tower of {Difficulty Chart}
100%
Ring 2 Remorseless Tower of {Eternal Suffering}
100%
Ring 2 Challenging Tower of {Falling and Failing}
100%
Purgatorio Easy Tower of {Genesis}
100%
Ring 1 Hard Tower of {Hecc}
100%
Forgotten Ridge Difficult Tower of {Immense Ire}
100%
Ring 1 Intense Tower of {Impossible Expectations}
100%
Forgotten Ridge Intense Tower of {Increasing Stress}
100%
Ring 1 Insane {Tower of Infinity Gauntlet}
100%
Forgotten Ridge Easy Tower of {Jolly Good Fun}
100%
Ring 1 Difficult Tower of {Keyboard Yeeting}
100%
Purgatorio Hard Tower of {Keys To Success}
100%
Ring 1 Hard Tower of {Killjoys}
100%
Purgatorio Medium Tower of {Kinetic Potential}
100%
Ring 1 Medium Tower of {Madness}
100%
Forgotten Ridge Insane Tower of {Mind Breaking}
100%
Purgatorio Easy Tower of {Motion Evolution}
100%
Purgatorio Medium Tower of {No Strings Attached}
100%
Ring 1 Medium Tower of {Noticeable Infuriation}
100%
Ring 2 Hard Tower of {Overcoming Hatred}
100%
Ring 2 Medium Tower of {Phone Snapping}
100%
Ring 1 Challenging Tower of {Rage}
100%
Ring 1 Challenging Tower of {Screen Punching}
100%
Ring 2 Challenging Tower of {Shattered Dreams}
100%
Ring 1 Difficult Tower of {Stress}
100%
Ring 2 Intense Tower of {Table Flipping}
100%
Ring 2 Challenging Tower of {Traps}
100%
Forgotten Ridge Challenging Tower of {Triangular Covering}
100%
Ring 1 Remorseless Tower of {True Skill}
100%
Purgatorio Medium Tower of {Various Pressures}
100%
Forgotten Ridge Difficult Tower of {Versatility}
100%
Ring 5 Remorseless Citadel of {Contrasting Regions}
67%
Ring 3 Intense Citadel of {Heights and Depths}
67%
Lost River Difficult Citadel of {Inside Situations}
67%
Zone 1 Remorseless Citadel of {Peril}
67%
Ring 6 Remorseless Citadel of {Scythe Recognition}
67%
Ring 4 Intense Citadel of {Uneasiness}
67%
World 1 Finale Eternal Obelisk of {Hell}
67%
World 2 Finale Eternal Obelisk of {Void}
67%
Garden of Eeshöl Intense Steeple of {Buoyant Automations}
67%
Garden of Eeshöl Hard Steeple of {Feudal Foliage}
67%
Garden of Eeshöl Challenging Steeple of {Flourishing Wastelands}
67%
Garden of Eeshöl Hard Steeple of {Lost in Quiescence}
67%
Garden of Eeshöl Medium Steeple of {Nightfall}
67%
Garden of Eeshöl Hard Steeple of {Overgrown Ascension}
67%
Garden of Eeshöl Difficult Steeple of {Various Vivariums}
67%
Silent Abyss Challenging Steeple of {Xenial Abyss}
67%
Ring 6 Intense Tower of {A Depressing Future}
67%
Zone 5 Terrifying Tower of {Alien Radiance}
67%
Ring 3 Medium Tower of {Ancient Trickery}
67%
Zone 1 Medium Tower of {Atlantic Depths}
67%
Ring 9 Insane Tower of {Bent Trauma}
67%
Zone 10 Extreme Tower of {Blast Power}
67%
Ring 9 Extreme Tower of {Bloodthirsty Kenos}
67%
Ring 9 Catastrophic Tower of {Champion’s Road}
67%
Ring 3 Insane Tower of {Confusion}
67%
Zone 1 Difficult Tower of {Contractual Obligations}
67%
Ring 4 Remorseless Tower of {Corrupted Nightmares}
67%
Ring 9 Catastrophic Tower of {Cruel Punishment}
67%
Ring 9 Insane Tower of {Curved Ascent}
67%
Ring 3 Medium Tower of {Deep Sighing}
67%
Ring 3 Challenging Tower of {Despair}
67%
Ring 6 Intense Tower of {Dispersed Rooms}
67%
Ring 5 Challenging Tower of {Downward Mobility}
67%
Ring 4 Challenging Tower of {Dust and Decay}
67%
Ring 4 Hard Tower of {Elysium}
67%
Zone 9 Catastrophic Tower of {Empty Meaningless Patterns}
67%
Ring 6 Difficult Tower of {Environmental Pain}
67%
Lost River Medium Tower of {Excessive Weirdness}
67%
Ring 5 Intense Tower of {Extraordinary Adventures}
67%
Ring 7 Insane Tower of {Extreme Hell}
67%
Zone 9 Remorseless Tower of {Eye Candy}
67%
Ring 3 Hard Tower of {Fatness}
67%
Ring 5 Intense Tower of {Floral Fury}
67%
Ring 6 Intense Tower of {Flustering Sections}
67%
Ring 5 Remorseless Tower of {Fractured Obstacles}
67%
Ring 6 Hard Tower of {Friendly Jumps}
67%
Ring 5 Terrifying Tower of {Frightening Nightmares}
67%
Ashen Towerworks Medium Tower of {Fruity Zeal}
67%
Ring 3 Easy Tower of {Funny Thoughts}
67%
Ring 8 Catastrophic Tower of {Generation Failure}
67%
Steelspire Horizon Remorseless Tower of {Geometric Kinetics}
67%
Ring 4 Medium Tower of {Getting Gnomed}
67%
Ring 5 Remorseless Tower of {Glitching and Healing}
67%
Zone 5 Intense Tower of {Heiwana Kaze}
67%
Ring 9 Insane Tower of {High Adrenaline}
67%
Zone 9 Insane Tower of {Hollow Reformations}
67%
Ring 4 Intense Tower of {Holy Flip}
67%
Zone 3 Extreme Tower of {Hopeless Hell}
67%
Arcane Area Remorseless Tower of {Icy Adventures}
67%
Ring 5 Insane Tower of {Icy Blizzards}
67%
Ring 6 Terrifying Tower of {Impossible Movement}
67%
Ring 4 Terrifying Tower of {Inception}
67%
Ring 6 Intense Tower of {Intense Solar Chaos}
67%
Ring 3 Medium Tower of {Inverted Colours}
67%
Zone 7 Medium Tower of {Jazz}
67%
Ring 4 Difficult Tower of {Leaning Ledges}
67%
Ring 4 Difficult Tower of {Linonophobia}
67%
Lost River Difficult Tower of {Losing Our Zeal}
67%
Ring 3 Difficult Tower of {Lotsa Damage}
67%
Zone 6 Terrifying Tower of {Micro Management}
67%
Zone 1 Hard Tower of {Mirrored Hecc}
67%
Ring 5 Medium Tower of {Nice Views}
67%
Ring 6 Remorseless Tower of {Niflheim}
67%
Ring 4 Remorseless Tower of {Nonsensical Platforms}
67%
Zone 8 Remorseless Tower of {No Return}
67%
Ring 4 Intense Tower of {Oblivion}
67%
Ring 5 Challenging Tower of {Obvious Chaos}
67%
Lost River Challenging Tower of {Odd Odyssey}
67%
Zone 9 Extreme Tower of {Panelling Barricades}
67%
Zone 1 Hard Tower of {Peace}
67%
Zone 1 Easy Tower of {Peaceful Happiness and Tranquility}
67%
Garden of Eeshöl Intense Tower of {Perilous Antipode}
67%
Ring 6 Difficult Tower of {Radiant Realms}
67%
Zone 10 Catastrophic Tower of {Raging Tempest}
67%
Zone 10 Insane Tower of {Rain on My World}
67%
Ashen Towerworks Remorseless Tower of {Rhythm Heaven}
67%
Ring 5 Difficult Tower of {Rigid Success}
67%
Zone 8 Insane Tower of {Rough Endoplasmic Reticulum}
67%
Ring 3 Difficult Tower of {Slight Inconvenience}
67%
Steelspire Horizon Insane Tower of {Speeding Right Through}
67%
Ring 4 Easy Tower of {Spiralling Heights}
67%
Ring 6 Extreme Tower of {Strategic Mechanics}
67%
Ring 8 Extreme Tower of {Suffering Outside}
67%
Lost River Remorseless Tower of {Tallying Every Mistake}
67%
Zone 10 Insane Tower of {Tee Hee Time}
67%
Ring 4 Hard Tower of {Terrible Mondays}
67%
Ring 7 Extreme Tower of {Terrifying Beauty}
67%
The Starlit Archives Intense Tower of {The Umbrella, The User}
67%
Zone 1 Insane Tower of {Thinning Layers}
67%
Ring 5 Intense Tower of {Tokyo Heights}
67%
Lost River Remorseless Tower of {Triple Jeopardy}
67%
Ring 5 Hard Tower of {Trivial Resentment}
67%
Ring 6 Challenging Tower of {Twisted Inquisition}
67%
Lost River Hard Tower of {Two Sided Troubles}
67%
Lost River Insane Tower of {Unsettling Heights}
67%
Ring 4 Insane Tower of {Vivid Sections}
67%
Ring 3 Difficult Tower of {Wall Hugging}
67%
Ashen Towerworks Extreme Tower of {Wicked Fortress}
67%
Zone 9 Terrifying Tower of {Wildly Wacky Wonders}
67%
Ring 3 Hard Tower of {Winning Every Run}
67%
Lost River Intense Tower of {Witchcraft and Wizardry}
67%
Zone 7 Remorseless Citadel of {A Cruel Tale}
33%
Ring 8 Intense Citadel of {Constant Heart Stopping}
33%
Zone 5 Intense Citadel of {Corporate Enterprise}
33%
Zone 2 Intense Citadel of {Green Stuff}
33%
Zone 9 Remorseless Citadel of {Increasing Claustrophobia}
33%
Ring 9 Remorseless Citadel of {Lethargy}
33%
Zone 10 Remorseless Citadel of {Overcoming The World’s Imperfections}
33%
Zone 8 Remorseless Citadel of {Pyramid Escapades}
33%
Zone 4 Remorseless Citadel of {Quadrilaterals}
33%
Steelspire Horizon Intense Citadel of {Treachery}
33%
Zone 3 Difficult Citadel of {Tricky Situations}
33%
Ring 7 Remorseless Citadel of {True Exasperation}
33%
Zone 6 Intense Citadel of {Twists and Weirdness}
33%
Silent Abyss Challenging Steeple of {Descendance}
33%
Steelspire Horizon Easy Steeple of {Golf Course}
33%
Silent Abyss Challenging Steeple of {Guiding Lights}
33%
Silent Abyss Intense Steeple of {Involuntary Isolation}
33%
Silent Abyss Remorseless Steeple of {Malignant Blight}
33%
Silent Abyss Remorseless Steeple of {Midnight Acropolis}
33%
Silent Abyss Difficult Steeple of {Resort in Stasis}
33%
Silent Abyss Difficult Steeple of {Ruinous Abate}
33%
The Starlit Archives Challenging Steeple of {Two Minute Noodles}
33%
Silent Abyss Intense Steeple of {Wicked Grotto}
33%
Steelspire Horizon Easy Steeple of {Zip Zap Pop!}
33%
Ring 8 Challenging Tower of {Aamos’ Anger}
33%
Zone 1 Challenging Tower of {Absolute Vexation}
33%
Silent Abyss Difficult Tower of {Ancestral Interference}
33%
Zone 6 Challenging Tower of {Angled Scenery}
33%
Zone 4 Medium Tower of {Aquatic Contemplation}
33%
Zone 8 Extreme Tower of {Astral Eclipse}
33%
Zone 6 Remorseless Tower of {Astral Fusion}
33%
Zone 4 Extreme Tower of {Astronomically Aimless Annoyances}
33%
Zone 8 Difficult Tower of {A Tetromino Disaster}
33%
Ring 9 Catastrophic Tower of {Augmented Misery}
33%
Ring 9 Remorseless Tower of {Beat Block Berserk}
33%
Zone 9 Remorseless Tower of {Big Blocky Beefy Buttons}
33%
Zone 6 Challenging Tower of {Break It, Buy It}
33%
Zone 6 Remorseless Tower of {Brief Challenges}
33%
Steelspire Horizon Hard Tower of {Calm Before The Storm}
33%
Ashen Towerworks Remorseless Tower of {Climactic Beats}
33%
Lost River Intense Tower of {Compact Spaces}
33%
Zone 10 Terrifying Tower of {Complexity and Volatility}
33%
Zone 6 Challenging Tower of {Conflicting Frontiers}
33%
Zone 8 Hard Tower of {Cosmic Tides}
33%
Zone 3 Intense Tower of {Cruel and Unusual Punishment}
33%
Zone 8 Catastrophic Tower of {Descent Into Exile}
33%
Lost River Challenging Tower of {Diverging Layers}
33%
Zone 2 Insane Tower of {Double Trouble}
33%
Zone 9 Challenging Tower of {Dusk To Dawn}
33%
Dark Side of the Moon Terrifying Tower of {Dynamic Pulse}
33%
Ring 7 Catastrophic Tower of {Elongated Runs}
33%
Ring 8 Extreme Tower of {Externalizing Insanity}
33%
Zone 1 Remorseless Tower of {Extreme Dystopia}
33%
Zone 4 Easy Tower of {Fairly Simple Challenges}
33%
Steelspire Horizon Intense Tower of {Fixture Park}
33%
Steelspire Horizon Hard Tower of {Fly High}
33%
Zone 6 Hard Tower of {Foreign Domains}
33%
Zone 7 Terrifying Tower of {Fractured Memories}
33%
Ring 9 Extreme Tower of {Frightening and Confusing Trials}
33%
Zone 4 Hard Tower of {Fun and Simple Trials}
33%
Zone 4 Remorseless Tower of {Funky Grooves}
33%
Zone 8 Challenging Tower of {Galactic Voyage}
33%
Zone 2 Remorseless Tower of {Great Displeasure}
33%
Ring 9 Intense Tower of {Great Overcomings}
33%
Zone 1 Hard Tower of {Hands Sweating}
33%
Zone 6 Intense Tower of {Hazardous Laddering}
33%
Zone 4 Insane Tower of {Inevitable Failure}
33%
Zone 3 Intense Tower of {Infuriating Obstacles}
33%
Ring 9 Terrifying Tower of {Journey’s End}
33%
Dark Side of the Moon Intense Tower of {Kieru Taiyo}
33%
Zone 6 Remorseless Tower of {Massive Overheating}
33%
Ring 8 Remorseless Tower of {Mean Tasks}
33%
Zone 8 Hard Tower of {Melons In Time}
33%
Steelspire Horizon Intense Tower of {Nerves of Steel}
33%
Ring 9 Terrifying Tower of {Nervous Sweating}
33%
Zone 9 Intense Tower of {Nothing New}
33%
Zone 10 Remorseless Tower of {One Two Three Four}
33%
Zone 3 Easy Tower of {Overestimating Difficulty}
33%
Ring 9 Remorseless Tower of {Pastel Pillars}
33%
Zone 5 Insane Tower of {Polychromatic Zero}
33%
Dark Side of the Moon Difficult Tower of {Quaint Quadrant}
33%
Steelspire Horizon Medium Tower of {Quantum Rhythm}
33%
Ring 9 Remorseless Tower of {Questionable Trials}
33%
Dark Side of the Moon Remorseless Tower of {Questions}
33%
Zone 3 Intense Tower of {Quirky Contraptions}
33%
Zone 1 Remorseless Tower of {Really Nasty Ideas}
33%
Zone 6 Difficult Tower of {Rock Climbing}
33%
Silent Abyss Intense Tower of {Shallow Waters}
33%
Zone 3 Easy Tower of {Six Feet Under}
33%
Zone 2 Challenging Tower of {Slipping and Sliding}
33%
Ring 8 Medium Tower of {Somewhat Simple Scaling}
33%
Dark Side of the Moon Insane Tower of {Spin To Win}
33%
Zone 5 Challenging Tower of {Stairs To Spare}
33%
Silent Abyss Intense Tower of {Tenebrous Depths}
33%
Steelspire Horizon Hard Tower of {Ten Floors Challenge}
33%
Zone 10 Remorseless Tower of {The Despondent Fortress}
33%
Zone 6 Extreme Tower of {The Dripping Amalgam}
33%
Silent Abyss Challenging Tower of {There Is No Tower}
33%
Zone 4 Remorseless Tower of {Tornado Vehemence}
33%
Zone 2 Intense Tower of {Triangular Terror}
33%
Zone 1 Intense Tower of {Ultimately Terrifying}
33%
Ring 7 Remorseless Tower of {Ultraviolet}
33%
Zone 7 Terrifying Tower of {Uncanny Agony}
33%
Ring 8 Intense Tower of {Uneasy Scaling}
33%
Dark Side of the Moon Hard Tower of {Unknown Mysteries}
33%
Zone 4 Hard Tower of {Up Is Down}
33%
Zone 2 Medium Tower of {Venomous Resonance}
33%
Ashen Towerworks Hard Tower of {Viaduct Traversing}
33%
Zone 1 Challenging Tower of {Wanting Extra Levels}
33%
Zone 6 Intense Tower of {Watts}
33%
Zone 3 Hard Tower of {Xanthophobia}
33%
Zone 8 Difficult Tower of {X Madness}
33%
Zone 1 Difficult Tower of {Yearning Success}
33%
Ring 7 Remorseless Tower of {Yearning Victory}
33%
Zone 7 Intense Tower of {Yore}
33%
The Starlit Archives Difficult Tower of {You’re Late For Work}
33%
Zone 5 Remorseless Tower of {Zany Architecture}
33%
Zone 1 Easy Tower of {Zero Disturbances}
33%
Zone 1 Remorseless Tower of {Zespluz}
33%
Paradise Atoll Hard Steeple of {Abyssal Upturn}
0%
The Starlit Archives Challenging Steeple of {After-Life Detention}
0%
Paradise Atoll Difficult Steeple of {Aquatic Rallies}
0%
Arcane Area Medium Steeple of {Astounding Sorcery}
0%
Arcane Area Hard Steeple of {Atmospheric Powers}
0%
Steelspire Horizon Difficult Steeple of {Bad Cable Management}
0%
The Starlit Archives Challenging Steeple of {Balloon Commune}
0%
Arcane Area Medium Steeple of {Biome Traversing}
0%
The Starlit Archives Remorseless Steeple of {Cheesy Vengeance}
0%
Paradise Atoll Challenging Steeple of {Cliffside Falls}
0%
Arcane Area Challenging Steeple of {Crystal Ascension}
0%
Paradise Atoll Challenging Steeple of {Desolate Isles}
0%
Steelspire Horizon Challenging Steeple of {Dungeon Runner}
0%
Paradise Atoll Intense Steeple of {Dusty Dunes}
0%
The Starlit Archives Remorseless Steeple of {Forlorn Blizzard}
0%
Paradise Atoll Challenging Steeple of {Hallucinatory Spectacles}
0%
The Starlit Archives Intense Steeple of {Itsy Bitsy}
0%
Arcane Area Intense Steeple of {Magical Collaborations}
0%
Arcane Area Difficult Steeple of {Magical Elements}
0%
Paradise Atoll Easy Steeple of {Mystical Marine}
0%
Arcane Area Hard Steeple of {Realm Odyssey}
0%
Steelspire Horizon Challenging Steeple of {Sunken Kingdoms}
0%
Paradise Atoll Difficult Steeple of {Sunny Island Shenanigans}
0%
The Starlit Archives Challenging Steeple of {The Manufactured Monstrosity}
0%
Arcane Area Difficult Steeple of {Twisted Crystals}
0%
Paradise Atoll Intense Steeple of {Underlying Breezes}
0%
Paradise Atoll Medium Steeple of {Undersea Voyage}
0%
Paradise Atoll Challenging Steeple of {Upright Cliffs}
0%
Paradise Atoll Hard Steeple of {Waterfall}
0%
Arcane Area Challenging Steeple of {Witch Calamity}
0%
The Starlit Archives Intense Tower of {A Disillusioned Experience}
0%
Zone 5 Intense Tower of {Anticlimactic Outcomes}
0%
Zone 2 Intense Tower of {Arcanium Zenturing}
0%
Zone 9 Difficult Tower of {Arrantly Bodeful Cavern Depths}
0%
Dark Side of the Moon Intense Tower of {Blossoming Nightfall}
0%
Zone 9 Challenging Tower of {Bonus Level}
0%
Zone 5 Difficult Tower of {Bright Serenity}
0%
Zone 3 Medium Tower of {Broken Bricks}
0%
Zone 5 Remorseless Tower of {Brutal and Bizarre Torment}
0%
Zone 7 Difficult Tower of {Bygone Relic}
0%
Paradise Atoll Hard Tower of {Call It A Day}
0%
Zone 2 Remorseless Tower of {Chaotic Moments}
0%
Zone 10 Challenging Tower of {Clandestine Zones}
0%
Zone 3 Medium Tower of {Client Object Frenzy}
0%
Zone 3 Difficult Tower of {Cogs and Steam}
0%
Ring 7 Challenging Tower of {Collective Collaboration}
0%
Zone 7 Intense Tower of {Cone Mesh Climbing}
0%
Ashen Towerworks Difficult Tower of {Corner Wedge Climbing}
0%
Zone 3 Hard Tower of {Cracked, Crushed Cubes}
0%
Paradise Atoll Challenging Tower of {Cyclonic Isles}
0%
Zone 7 Challenging Tower of {Cylindrical Expansions}
0%
Zone 4 Remorseless Tower of {Dance Dance Destruction}
0%
Zone 7 Difficult Tower of {Destructive Fever}
0%
Zone 3 Difficult Tower of {Dimensional Hopping}
0%
Ring 7 Challenging Tower of {Distorted Aerodynamics}
0%
Zone 2 Difficult Tower of {Dreams and Caverns}
0%
Zone 4 Difficult Tower of {Elevator Travelling}
0%
Zone 10 Intense Tower of {Expecting the Unexpected}
0%
Zone 2 Intense Tower of {Extraterrestrial Enchantment}
0%
Zone 9 Intense Tower of {Falling Up}
0%
Dark Side of the Moon Hard Tower of {Faulty Cityscapes}
0%
Ring 7 Challenging Tower of {Feeling Lazy}
0%
Zone 8 Challenging Tower of {Flame Restoration}
0%
The Starlit Archives Remorseless Tower of {Fleeing From Everything Ending}
0%
Ashen Towerworks Remorseless Tower of {Forever-Sleeping Flower}
0%
Zone 5 Difficult Tower of {Fractal Volution}
0%
Zone 9 Intense Tower of {Furious Chicken Brawl}
0%
Zone 2 Hard Tower of {Ground Level Ascension}
0%
Zone 7 Challenging Tower of {Growing Madness}
0%
Zone 5 Intense Tower of {Guided Trials}
0%
Zone 6 Challenging Tower of {Hefty Magnitude}
0%
Paradise Atoll Difficult Tower of {High Power}
0%
Zone 5 Intense Tower of {Horrifying Experiences}
0%
The Starlit Archives Remorseless Tower of {House Without Home}
0%
Dark Side of the Moon Intense Tower of {Incoming Danger}
0%
The Starlit Archives Intense Tower of {Infiltrated Ruins}
0%
Ring 8 Intense Tower of {Insanely Innovative Ideas}
0%
Zone 10 Challenging Tower of {Interstellar Terrarium}
0%
Ashen Towerworks Intense Tower of {Largely Limited Luminance}
0%
Zone 9 Challenging Tower of {Latest Sensation}
0%
The Starlit Archives Difficult Tower of {Lethean Recollection}
0%
Zone 10 Intense Tower of {Mach Nine}
0%
Zone 8 Intense Tower of {Manic Lows}
0%
Ashen Towerworks Remorseless Tower of {Mechanical Disarray}
0%
Zone 4 Intense Tower of {Mechanically Induced Mayhem}
0%
Zone 3 Challenging Tower of {Menacing Creations}
0%
Zone 3 Difficult Tower of {Mild Agitation}
0%
Dark Side of the Moon Remorseless Tower of {Mind Games}
0%
Zone 9 Remorseless Tower of {Minus Facility}
0%
Dark Side of the Moon Remorseless Tower of {Misleading Passages}
0%
Ring 8 Hard Tower of {Needing Basic Aptitude}
0%
Ring 7 Remorseless Tower of {Never Ending Dizziness}
0%
Zone 8 Intense Tower of {Never Ending Fun}
0%
Ring 7 Intense Tower of {Never Giving Up, Ever}
0%
Zone 8 Intense Tower of {One Nine}
0%
Ring 7 Intense Tower of {Orientating Oscillating Opinions}
0%
Zone 8 Remorseless Tower of {Overbearing Vertigo}
0%
Zone 2 Challenging Tower of {Pleasant Fantasies}
0%
Zone 10 Remorseless Tower of {Power Laws}
0%
Zone 10 Remorseless Tower of {Prismatic Instability}
0%
Zone 4 Challenging Tower of {Pure Chroma}
0%
The Starlit Archives Difficult Tower of {Pursuit Led Astray}
0%
Zone 3 Difficult Tower of {Requiring Critical Help}
0%
Zone 10 Challenging Tower of {Resonant Landscapes}
0%
Dark Side of the Moon Remorseless Tower of {Robot Encoding Software}
0%
Zone 7 Hard Tower of {Rough Waters}
0%
Ring 7 Difficult Tower of {Rushed Building}
0%
Ashen Towerworks Intense Tower of {Shadowy Radiance}
0%
Zone 4 Intense Tower of {Shifting Slopes}
0%
Zone 2 Medium Tower of {Slanted Anticipation}
0%
Zone 5 Hard Tower of {Sovereign Travelling}
0%
Steelspire Horizon Medium Tower of {Steel and Thunder}
0%
Zone 9 Intense Tower of {Sugar Rush Deluxe}
0%
Steelspire Horizon Medium Tower of {Sunshower Lambent}
0%
Zone 5 Hard Tower of {Super Stupid Security Systems}
0%
Zone 7 Hard Tower of {Sweet Victory}
0%
Zone 7 Intense Tower of {Swift and Precise Sections}
0%
Zone 8 Remorseless Tower of {Time and Space Manipulation}
0%
Dark Side of the Moon Challenging Tower of {Transfigurative Zenith}
0%
Paradise Atoll Intense Tower of {Traversing The Tropics}
0%
Zone 2 Difficult Tower of {Troublesome Adventures}
0%
Zone 7 Remorseless Tower of {Uncontrollable Ire}
0%
Zone 2 Difficult Tower of {Unearthed Discoveries}
0%
Zone 5 Challenging Tower of {Unhealthy Escalation}
0%
Zone 10 Challenging Tower of {Valiant Verges}
0%
Ring 8 Remorseless Tower of {Verdant Entropy}
0%
Ring 8 Challenging Tower of {Vibrant Adventures}
0%
Dark Side of the Moon Challenging Tower of {Viridian Dichotomy}
0%
Ring 8 Challenging Tower of {Voluminous Framework}
0%
Zone 9 Remorseless Tower of {Voyaging Into The Earth}
0%
Ashen Towerworks Challenging Tower of {Wanting More Time}
0%
The Starlit Archives Intense Tower of {Warranted Retribution}
0%
Steelspire Horizon Diffcult Tower of {Weird Energy}
0%
Ashen Towerworks Intense Tower of {Whirl of Winds}
0%
Ashen Towerworks Intense Tower of {Whisking It All}
0%
Zone 7 Challenging Tower of {White Space}
0%
Zone 4 Difficult Tower of {Wicked Wedges}
0%
Dark Side of the Moon Challenging Tower of {Xenocrystically Yonderous Zaniness}
0%
No matching quizzes found
Score Distribution
Percent of People with Each Score
Percentile by Number Answered
Your Score History
You have not taken this quiz since the last reset